000 01367npm a22003617a 4500
003 BLK
005 20231123112835.0
008 191021b bu ||||| |||| 00| 0 bu d
010 _a000129
040 _aBLK
041 _aBUL
_cBUL
080 _z308(439)(05)
245 1 0 _aУНГАРИЯ
246 _aСпециално издание
260 _aСофия
_fСофия : П. К. Овчаров
_g1933
490 _aЧастна колекция - Академик Михаил Арнаудов
_gДарение - Основен фонд
505 _tСтатия на М. Арнаудов за Петьофи. Адрес : Тук Проф. д-р Мих. Арнаудов, ул. Добруджа № 8.
505 _tИлюстрация към унгарското въстание с образа на Петьофи 1 л.
505 _tПрограма за честване на Петьофи в Париж 1 л.
600 1 4 _9110427
_aПетьофи, Шандор
650 _aЛитературознание
_9160629
650 _aБиографии
_9148657
650 _aПисатели
_9166332
650 _aИстория
_9400704
650 4 _aПечат
_9166209
852 _aМА 4690
942 _cSTA
_n0
_s1
999 _c345090
_d345090
999 _d345090
999 _d345090
999 _d345090
999 _d345090
999 _d345090
944 _k30529
_lДиана Гривева